| 000 | 01746nam a2200289 4500 | ||
|---|---|---|---|
| 001 | 111293 | ||
| 003 | DR-UNIBE | ||
| 005 | 20251113153811.0 | ||
| 008 | 230718b2015 dr ||||| |||| 00| 0 spa d | ||
| 020 | _a9789945084443 | ||
| 040 |
_aBIBLIOTECA UNIBE _cBIBLIOTECA UNIBE |
||
| 041 | _aspa | ||
| 082 |
_222 _aRD 342.7293 P433j |
||
| 100 | 1 | 0 |
_aPerdomo Cordero, Nassef _eautor _924314 |
| 245 | 1 | 0 |
_aJurisprudencia del Tribunal Constitucional Dominicano 2012-2014 : _bseleccionada y concordada con la Constitución de la República Dominicana y la LOTCPC ; índice temático de las decisiones TC/12 hasta la TC/0008/15 / _cNassef Perdomo Cordero |
| 260 |
_aSanto Domingo : _bLibrería Jurídica Internacional : _bAcosta Perdomo Abogados & Consultores : _bFundación Institucionalidad y Justicia (FINJUS), _c2015 |
||
| 300 |
_a840 páginas ; _c23 x 15 cm |
||
| 505 | _aPresentación | Prefacio | Notas para el uso del compendio | Prólogo | Contenido índices CRD y LOTCPC | Índice CRD | Índice LOTCPC | Índice CRD por artículo | Índice LOTCPC por artículo | Constitución de la República Dominicana | Ley orgánica del Tribunal Constitucional y de los procedimientos constitucionales | Fe de errata | ||
| 650 | 7 |
_2lemb _aTribunales constitucionales _zRepública Dominicana _9200795 |
|
| 650 | 7 |
_2lemb _aJurisprudencia _xRecopilaciones, repertorios, etc. _zRepública Dominicana _y2012-2014 _9200796 |
|
| 651 | 7 |
_2lemb _aRepública Dominicana _xDerecho constitucional _95535 |
|
| 700 | 1 | 0 |
_aPotentini, Ángel _eeditor _929379 |
| 700 | 1 | 0 |
_aCastaños Guzmán, Servio Tulio _epresentación _927396 |
| 700 | 1 | 0 |
_aJorge Prats, Eduardo, _d1964- _eprologuista _98540 |
| 700 | 1 | 0 |
_aPérez N., José Miguel _ediagramador _9148122 |
| 942 |
_2ddc _cBK |
||
| 999 |
_c111293 _d111293 |
||